01140nam a2200241 a 450000100100000000500170001000800410002702000150006804000250008310000420010824501560015026000310030630000330033749000750037050000210044550400730046670000430053971000390058271000720062183000820069395201060077599900170088100004173120201002035725.0131016s1978 sp 001 0 spa d a8400037855 aDO-SdBNPbspacBNPHU1 aPérez Garzón, Juan Sisinio96856910aMilicia nacional y revolución burguesa :bel prototipo madrileño : 1808-1874 /cJuan Sisinio Pérez Garzón ; prólogo de Manuel Espadas Burgos. aMadrid :bC.S.I.C.,c1978. av. (XXXII, 637) p. ;c25 cm.1 aEvolución socio-económica de la España moderna y contemporánea aIncluye índice aIncluye referencias bibliográficas y notas al pie de las páginas1 aEspadas Burgos, Manuelepról.9151302 aInstituto Jerónimo Zurita9639542 aConsejo superior de Investigaciones Científicas (España)968570 0aEvolución socio-económica de la España moderna y contemporánea968571 0010507-18MOaGRbGRcOId2013-10-16iLF1l0o p41731-10r2020-06-25w2020-06-25y1ZNo se presta c41220d41220